[Event "FRA-chT2 1011"]
[Site "France"]
[Date "2010.11.14"]
[Round "2.5"]
[White "Hoffmann, Regis"]
[Black "Buisson, Michael"]
[Result "0-1"]
[WhiteElo "2115"]
[BlackElo "2088"]
[PlyCount "112"]
[EventDate "2010.10.17"]
[EventType "team-tourn"]
[EventRounds "11"]
[EventCountry "FRA"]
[SourceTitle "EXT 2012"]
[Source "ChessBase"]
[SourceDate "2011.11.24"]
[SourceVersion "1"]
[SourceVersionDate "2011.11.24"]
[SourceQuality "1"]

1. d4 d5 2. Bg5 Nd7 3. Nf3 c6 4. e3 Ngf6 5. Nbd2 e6 6. Bd3 Bd6 7. e4 dxe4 8. Nxe4 Be7 9. Ng3 h6 10. Bd2 c5 11. Qe2 Qb6 12. c3 Qxb2 13. 0-0 Qb6 14. Rfe1 Qc7 15. Nf5 Kf8 16. c4 Bd8 17. Ne3 cxd4 18. Nxd4 Nc5 19. Nb5 Qc6 20. Bb4 a6 21. Nd4 Qc7 22. Rad1 Be7 23. Bc2 b6 24. Qf3 Bb7 25. Qh3 Be4 26. Bxe4 Ncxe4 27. Bxe7+ Qxe7 28. Qf3 Rc8 29. h3 Ng5 30. Qe2 Kg8 31. Rb1 Qc5 32. Nb3 Qc7 33. Rec1 Kh7 34. Qc2+ g6 35. Qb2 Qe7 36. Nd4 Nd7 37. Ne2 Rhd8 38. Ng3 Kg8 39. Ng4 h5 40. Ne3 Rc6 41. Re1 Qf6 42. Qa3 a5 43. Qa4 Rdc8 44. Qc2 Nc5 45. Rb5 Qd4 46. Rd1 Qe5 47. Rdb1 Qc7 48. h4 Nh7 49. Ne2 Nf6 50. Qb2 Nfd7 51. Nd4 Rd6 52. Nf3 Qd8 53. g3 Ne4 54. Kg2 Qf6 55. Qc2 Nc3 56. c5 Nxb1 0-1

[Event "FRA-chT2 1011"]
[Site "France"]
[Date "2010.10.17"]
[Round "1.7"]
[White "Bureau, Frederic"]
[Black "Hoffmann, Regis"]
[Result "1/2-1/2"]
[WhiteElo "2022"]
[BlackElo "2115"]
[PlyCount "60"]
[EventDate "2010.10.17"]
[EventType "team-tourn"]
[EventRounds "11"]
[EventCountry "FRA"]
[SourceTitle "EXT 2012"]
[Source "ChessBase"]
[SourceDate "2011.11.24"]
[SourceVersion "1"]
[SourceVersionDate "2011.11.24"]
[SourceQuality "1"]

1. d4 g6 2. Nf3 Bg7 3. g3 d6 4. Bg2 Nd7 5. c4 e5 6. dxe5 dxe5 7. Nc3 Ne7 8. 0-0 0-0 9. Qc2 c6 10. Rd1 Qc7 11. b3 Nf5 12. Bb2 Re8 13. Ne4 Nf6 14. Nxf6+ Bxf6 15. e4 Ng7 16. Ba3 Bg4 17. Rd3 Rad8 18. Rad1 Ne6 19. Rxd8 Rxd8 20. Rxd8+ Qxd8 21. h3 Bxf3 22. Bxf3 Nd4 23. Qc3 Bg5 24. Kg2 Be7 25. Bc1 Bc5 26. Be3 Qb6 27. Bxd4 Bxd4 28. Qd2 a5 29. Bd1 Qc5 30. h4 a4 1/2-1/2

[Event "FRA-chT2 East 0809"]
[Site "France"]
[Date "2009.04.04"]
[Round "10.4"]
[White "Lamoureux, Izabelle"]
[Black "Hoffmann, Regis"]
[Result "1/2-1/2"]
[WhiteElo "2105"]
[BlackElo "2108"]
[PlyCount "51"]
[EventDate "2008.10.19"]
[EventType "team-tourn"]
[EventRounds "11"]
[EventCountry "FRA"]
[SourceTitle "EXT 2010"]
[Source "ChessBase"]
[SourceDate "2010.11.25"]
[SourceVersion "1"]
[SourceVersionDate "2010.11.25"]
[SourceQuality "1"]
[WhiteTeam "Montrevel en Bresse"]
[BlackTeam "Mundolsheim"]
[WhiteTeamCountry "FRA"]
[BlackTeamCountry "FRA"]

1. e4 d6 2. d4 Nf6 3. Nc3 g6 4. Nf3 Bg7 5. Be2 0-0 6. 0-0 c6 7. a4 b6 8. Re1 Qc7 9. d5 a6 10. h3 Bb7 11. Bg5 Nbd7 12. Qd2 Nc5 13. Bc4 b5 14. dxc6 Bxc6 15. axb5 axb5 16. Rxa8 Rxa8 17. Bxf6 Bxf6 18. Nd5 Bxd5 19. Qxd5 Rf8 20. Bxb5 Bxb2 21. Rb1 Bf6 22. Bd3 Rc8 23. h4 e6 24. Qc4 Nxd3 25. Qxc7 Rxc7 26. cxd3 1/2-1/2

[Event "FRA-chT2 East 0809"]
[Site "France"]
[Date "2009.03.15"]
[Round "9.5"]
[White "Staeger, Pascal"]
[Black "Hoffmann, Regis"]
[Result "0-1"]
[WhiteElo "2115"]
[BlackElo "2108"]
[PlyCount "122"]
[EventDate "2008.10.19"]
[EventType "team-tourn"]
[EventRounds "11"]
[EventCountry "FRA"]
[SourceTitle "EXT 2010"]
[Source "ChessBase"]
[SourceDate "2010.11.25"]
[SourceVersion "1"]
[SourceVersionDate "2010.11.25"]
[SourceQuality "1"]
[WhiteTeam "Metz Fischer II"]
[BlackTeam "Mundolsheim"]
[WhiteTeamCountry "FRA"]
[BlackTeamCountry "FRA"]

1. e4 d6 2. g3 g6 3. Bg2 Bg7 4. Nc3 Nc6 5. d3 e5 6. Be3 Nge7 7. Qd2 Nd4 8. 0-0-0 c6 9. Nce2 Be6 10. Kb1 h6 11. f4 c5 12. Nc1 Qc7 13. Nf3 Nec6 14. c3 Nxf3 15. Bxf3 b5 16. Rhf1 exf4 17. gxf4 Bh3 18. Rf2 Rb8 19. Rg1 b4 20. c4 Bd7 21. f5 Ne5 22. Bd1 Qd8 23. Rgf1 gxf5 24. exf5 Bf6 25. Bxh6 Bc6 26. Bf4 a5 27. Re1 Kd7 28. Nb3 Qb6 29. Bxe5 Bxe5 30. Rxe5 dxe5 31. Qe3 Kd6 32. Qg5 Qd8 33. Qe3 Qb6 34. Qg5 Qd8 35. f6 a4 36. Nd2 Rg8 37. Qh5 Rg1 38. Kc1 Qg8 39. Rf5 Re8 40. Kc2 Qg6 41. Qxg6 fxg6 42. Rf2 Rg2 43. Rxg2 Bxg2 44. Nf3 Bxf3 45. Bxf3 Rf8 46. Kd2 Rxf6 47. Ke3 g5 48. h3 Rf4 49. Ke2 Ke6 50. Kf2 Kf5 51. Ke3 Rh4 52. Be4+ Kf6 53. Bg2 a3 54. b3 g4 55. hxg4 Rxg4 56. Kf2 Kg5 57. Kf3 Rh4 58. Kg3 Rd4 59. Be4 Rd6 60. Kf3 Rf6+ 61. Ke2 Kf4 0-1

[Event "FRA-chT2 East 0708"]
[Site "France"]
[Date "2008.02.10"]
[Round "7.4"]
[White "Ricter, Jean Paul"]
[Black "Hoffmann, Regis"]
[Result "1/2-1/2"]
[WhiteElo "2148"]
[BlackElo "2127"]
[PlyCount "98"]
[EventDate "2007.10.21"]
[EventType "team"]
[EventRounds "11"]
[EventCountry "FRA"]
[SourceTitle "EXT 2009"]
[Source "ChessBase"]
[SourceDate "2008.11.26"]
[SourceVersion "1"]
[SourceVersionDate "2008.11.26"]
[SourceQuality "1"]
[WhiteTeam "Strasbourg II"]
[BlackTeam "Mundolsheim"]
[WhiteTeamCountry "FRA"]
[BlackTeamCountry "FRA"]

1. c4 e5 2. g3 Nc6 3. Bg2 f5 4. d3 Nf6 5. Nc3 Bc5 6. e3 d6 7. Nge2 Bb6 8. a3 0-0 9. b4 Qe8 10. Bb2 Kh8 11. Nd5 Nxd5 12. cxd5 Nd8 13. 0-0 Qh5 14. Nc3 Qh6 15. Na4 f4 16. Nxb6 axb6 17. exf4 exf4 18. Bc1 Bh3 19. Bxf4 Rxf4 20. gxf4 Bxg2 21. Kxg2 Nf7 22. Qg4 Qf6 23. Rae1 Nh6 24. Qg5 Qd4 25. Re7 Rf8 26. Rfe1 Rxf4 27. f3 Ng8 28. R7e4 Rxe4 29. dxe4 Qb2+ 30. Kg3 Nf6 31. Qe3 Nh5+ 32. Kh3 Qe5 33. Kg2 Nf4+ 34. Kh1 h6 35. Rd1 Kh7 36. Qd4 Qh5 37. Qe3 Qe5 38. Qf2 g5 39. Qd4 Qe7 40. Rd2 Qd7 41. Rc2 Kg6 42. Qf2 Qa4 43. Qd2 Qxa3 44. Qc3 Qa6 45. Qc4 Qa1+ 46. Rc1 Qa3 47. Qc3 Qa2 48. Qc2 Qa3 49. Qc3 Qa2 1/2-1/2

[Event "FRA-chT2 East 0708"]
[Site "France"]
[Date "2007.11.25"]
[Round "3.4"]
[White "Hoffmann, Regis"]
[Black "Chebance, Benoit"]
[Result "1-0"]
[WhiteElo "2116"]
[BlackElo "2010"]
[PlyCount "77"]
[EventDate "2007.10.21"]
[EventType "team"]
[EventRounds "11"]
[EventCountry "FRA"]
[SourceTitle "EXT 2009"]
[Source "ChessBase"]
[SourceDate "2008.11.26"]
[SourceVersion "1"]
[SourceVersionDate "2008.11.26"]
[SourceQuality "1"]
[WhiteTeam "Mundolsheim"]
[BlackTeam "Montrevel en Bresse"]
[WhiteTeamCountry "FRA"]
[BlackTeamCountry "FRA"]

1. d4 d5 2. Bg5 Nf6 3. Nd2 Bf5 4. e3 Nbd7 5. Ngf3 e6 6. h3 Be7 7. c4 c6 8. Qb3 Qb6 9. Be2 h6 10. Bf4 0-0 11. c5 Qxb3 12. axb3 Ne4 13. b4 Nxd2 14. Nxd2 Bf6 15. Bd6 Rfe8 16. f4 Bh4+ 17. Kf1 Bg3 18. Ra3 Bh4 19. g4 Bh7 20. b5 Rec8 21. bxc6 Rxc6 22. Bb5 Nf6 23. Bxc6 bxc6 24. Ke2 Be4 25. Rg1 Kh7 26. Ra6 Bc2 27. Rc1 Be4 28. Nxe4 dxe4 29. Rxc6 Nd5 30. Ra6 f5 31. c6 fxg4 32. hxg4 Nf6 33. c7 Rc8 34. Rxa7 g5 35. b4 gxf4 36. Bxf4 Nxg4 37. b5 Kg6 38. b6 e5 39. dxe5 1-0

[Event "FRA-chT2 East 0607"]
[Site "France"]
[Date "2007.01.21"]
[Round "6.6"]
[White "Hoffmann, Regis"]
[Black "Mangone, Pierre"]
[Result "0-1"]
[WhiteElo "2126"]
[BlackElo "2045"]
[PlyCount "102"]
[EventDate "2006.10.15"]
[EventType "team"]
[EventRounds "11"]
[EventCountry "FRA"]
[SourceTitle "EXT 2008"]
[Source "ChessBase"]
[SourceDate "2007.11.25"]
[SourceVersion "1"]
[SourceVersionDate "2007.11.25"]
[SourceQuality "1"]
[WhiteTeam "Bischwiller II"]
[BlackTeam "Gueugnon"]
[WhiteTeamCountry "FRA"]
[BlackTeamCountry "FRA"]

1. d4 d5 2. Bg5 c6 3. e3 Bf5 4. Bd3 Bxd3 5. Qxd3 Nd7 6. Nf3 Ngf6 7. Nbd2 e6 8. 0-0 Be7 9. h3 0-0 10. c4 dxc4 11. Nxc4 Nd5 12. Bxe7 Qxe7 13. e4 N5b6 14. Na5 Rab8 15. a3 h6 16. b4 Rfd8 17. Qe3 Nf6 18. Rac1 Ne8 19. Ne5 Nd6 20. Nd3 Nb5 21. Nb3 Nxa3 22. Ndc5 Nb5 23. Rfd1 Nd7 24. Na5 Nxc5 25. dxc5 e5 26. Nc4 f6 27. Ra1 Rxd1+ 28. Rxd1 Rd8 29. Rd3 Rd4 30. Rxd4 exd4 31. Qd3 Qc7 32. Nd2 Kh8 33. Nf3 a5 34. bxa5 Qxa5 35. e5 fxe5 36. Qf5 Qd8 37. Nxe5 Qe8 38. h4 Nc7 39. h5 Kg8 40. Nc4 Qe6 41. Qd3 Qe1+ 42. Kh2 Qxf2 43. Nd6 Qh4+ 44. Kg1 Qxh5 45. Qxd4 Ne6 46. Qc4 Qxc5+ 47. Qxc5 Nxc5 48. Kf2 g6 49. Ke3 Kf8 50. Kd4 b6 51. Nc4 Nd7 0-1

[Event "FRA-chT2D 0506"]
[Site "France"]
[Date "2006.03.12"]
[Round "9.5"]
[White "Kuhn, Christian"]
[Black "Hoffmann, Regis"]
[Result "0-1"]
[WhiteElo "2040"]
[BlackElo "2138"]
[PlyCount "86"]
[EventDate "2005.10.27"]
[EventType "team-tourn"]
[EventRounds "11"]
[EventCountry "FRA"]
[SourceTitle "EXT 2006"]
[Source "ChessBase"]
[SourceDate "2005.11.24"]
[SourceVersion "1"]
[SourceVersionDate "2005.11.24"]
[SourceQuality "1"]
[WhiteTeam "Paris NAO II"]
[BlackTeam "Bischwiller"]
[WhiteTeamCountry "FRA"]
[BlackTeamCountry "FRA"]

1. e4 d6 2. d4 Nf6 3. Nc3 g6 4. Bc4 Bg7 5. Qe2 Nc6 6. e5 Ng4 7. Bb5 0-0 8. Bxc6 bxc6 9. h3 Nh6 10. Bf4 Bb7 11. 0-0-0 c5 12. Nf3 Bxf3 13. Qxf3 cxd4 14. Rxd4 Nf5 15. Rdd1 c5 16. h4 Qa5 17. h5 dxe5 18. Bd2 Rad8 19. hxg6 hxg6 20. g4 e4 21. Qh3 Rxd2 22. Rxd2 Nd6 23. f3 Nc4 24. Rdh2 Nxb2 25. g5 Nd3+ 26. Kd1 Nf2+ 27. Rxf2 Qxc3 28. fxe4 Rd8+ 29. Ke2 Qxc2+ 30. Kf1 Qc1+ 31. Kg2 Qxg5+ 32. Qg3 Qxg3+ 33. Kxg3 Be5+ 34. Kg4 c4 35. Rhf1 f6 36. Rh1 c3 37. Rf3 Kf7 38. Rf2 Rd3 39. Rh3 Rd1 40. Kf3 Ke6 41. Re2 g5 42. Rh8 Rd3+ 43. Re3 Rd2 0-1

[Event "FRA-chT2D 0506"]
[Site "France"]
[Date "2006.01.15"]
[Round "6.4"]
[White "Hoffmann, Regis"]
[Black "Rufino Bengoetxea, Asier"]
[Result "1-0"]
[WhiteElo "2138"]
[BlackElo "2242"]
[PlyCount "61"]
[EventDate "2005.10.27"]
[EventType "team-tourn"]
[EventRounds "11"]
[EventCountry "FRA"]
[SourceTitle "EXT 2006"]
[Source "ChessBase"]
[SourceDate "2005.11.24"]
[SourceVersion "1"]
[SourceVersionDate "2005.11.24"]
[SourceQuality "1"]
[WhiteTeam "Bischwiller"]
[BlackTeam "Chalon"]
[WhiteTeamCountry "FRA"]
[BlackTeamCountry "FRA"]

1. d4 Nf6 2. Bg5 d6 3. f3 g6 4. e4 Bg7 5. Nc3 0-0 6. Qd2 Nbd7 7. 0-0-0 c6 8. g4 Qa5 9. Kb1 Re8 10. Nge2 b5 11. Ng3 b4 12. Nce2 e5 13. Bh6 Bh8 14. g5 Nh5 15. Nxh5 gxh5 16. Ng3 exd4 17. Nxh5 Re6 18. Rg1 Rxh6 19. gxh6+ Kf8 20. Rg5 Qc7 21. Qg2 Nf6 22. Nxf6 Bxf6 23. Rg8+ Ke7 24. Bc4 Bh3 25. Qg3 Rxg8 26. Qxg8 Be6 27. Bxe6 Kxe6 28. Qxh7 a5 29. Qf5+ Ke7 30. h7 Bh8 31. Qg5+ 1-0

[Event "FRA-chT Top 16 GP Haute"]
[Site "Port Barcares"]
[Date "2005.05.06"]
[Round "10"]
[White "Hoffmann, Regis"]
[Black "Sebag, Marie"]
[Result "0-1"]
[WhiteElo "2143"]
[BlackElo "2417"]
[PlyCount "68"]
[EventDate "2005.05.04"]
[EventType "team-tourn"]
[EventRounds "4"]
[EventCountry "FRA"]
[SourceTitle "CBM 107"]
[Source "ChessBase"]
[SourceDate "2005.08.01"]
[SourceVersion "1"]
[SourceVersionDate "2005.08.01"]
[SourceQuality "1"]
[WhiteTeam "Bischwiller"]
[BlackTeam "Evry"]
[WhiteTeamCountry "FRA"]
[BlackTeamCountry "FRA"]

1. Nf3 d5 2. g3 Nf6 3. Bg2 Bf5 4. d3 e6 5. Nbd2 Be7 6. 0-0 h6 7. Qe1 0-0 8. e4 Bh7 9. b3 c5 10. Bb2 Nc6 11. Qe2 Rc8 12. e5 Nd7 13. Rfe1 Nb4 14. Rec1 b5 15. a3 Nc6 16. c4 bxc4 17. dxc4 d4 18. Re1 Qc7 19. Bf1 Rb8 20. b4 cxb4 21. Nxd4 bxa3 22. Nxc6 axb2 23. Nxe7+ Kh8 24. Rab1 Bxb1 25. Rxb1 Qc5 26. Nf3 Qxe7 27. Rxb2 Rxb2 28. Qxb2 Qc5 29. h4 Rb8 30. Qc2 a5 31. Qe4 Rb2 32. Be2 a4 33. Qa8+ Nf8 34. Nd4 a3 0-1

[Event "FRA-chT Top 16 GP Haute"]
[Site "Port Barcares"]
[Date "2005.05.04"]
[Round "8"]
[White "Hoffmann, Regis"]
[Black "Nicoara, Malina"]
[Result "0-1"]
[WhiteElo "2143"]
[BlackElo "2242"]
[PlyCount "86"]
[EventDate "2005.05.04"]
[EventType "team-tourn"]
[EventRounds "4"]
[EventCountry "FRA"]
[SourceTitle "CBM 107"]
[Source "ChessBase"]
[SourceDate "2005.08.01"]
[SourceVersion "1"]
[SourceVersionDate "2005.08.01"]
[SourceQuality "1"]
[WhiteTeam "Bischwiller"]
[BlackTeam "Nice"]
[WhiteTeamCountry "FRA"]
[BlackTeamCountry "FRA"]

1. e4 c5 2. Nf3 Nc6 3. d4 cxd4 4. Nxd4 g6 5. c4 Bg7 6. Be3 Nf6 7. Nc3 d6 8. Be2 0-0 9. 0-0 Bd7 10. Nc2 a5 11. f3 Be6 12. Qd2 Nd7 13. Rab1 f5 14. exf5 Bxf5 15. Rbc1 Nc5 16. Nd4 e5 17. Ndb5 Ra6 18. Rfd1 Qb8 19. Qxd6 Qxd6 20. Rxd6 Nd4 21. Nxd4 exd4 22. Bxd4 Rxd6 23. Bxc5 Bd4+ 24. Bxd4 Rxd4 25. Rd1 Rfd8 26. Nd5 Rxd1+ 27. Bxd1 Kg7 28. Be2 b5 29. b3 bxc4 30. bxc4 Rb8 31. g4 Rb2 32. Nc3 Be6 33. Bd3 Bxc4 34. Bxc4 Rc2 35. Bb3 Rxc3 36. Kf2 g5 37. Kg3 Kf6 38. Bd5 a4 39. h4 h6 40. hxg5+ hxg5 41. Kf2 Ke5 42. Bf7 Kf4 43. Bd5 Rd3 0-1

[Event "FRA-chT2 0304"]
[Site "France"]
[Date "2004.04.04"]
[Round "11"]
[White "Hoffmann, Regis"]
[Black "Marechal, Andy"]
[Result "1/2-1/2"]
[WhiteElo "2176"]
[BlackElo "2286"]
[PlyCount "64"]
[EventDate "2003.10.??"]
[EventType "team"]
[EventRounds "11"]
[EventCountry "FRA"]
[SourceTitle "EXT 2005"]
[Source "ChessBase"]
[SourceDate "2004.11.15"]
[SourceVersion "1"]
[SourceVersionDate "2004.11.15"]
[SourceQuality "1"]

1. Nf3 g6 2. g3 Bg7 3. Bg2 c5 4. d3 Nc6 5. e4 d6 6. c3 e5 7. 0-0 Nge7 8. a3 0-0 9. b4 b6 10. Nbd2 Qc7 11. Bb2 Bb7 12. Nb3 Rad8 13. Re1 h6 14. b5 Nb8 15. d4 Nd7 16. Qe2 Rfe8 17. dxe5 dxe5 18. Nfd2 Nf8 19. Nc4 Bc8 20. Rad1 Be6 21. Nbd2 Nc8 22. a4 Rd7 23. Ne3 Nd6 24. Nd5 Bxd5 25. exd5 f5 26. Nc4 Nh7 27. Nxd6 Rxd6 28. c4 e4 29. Bxg7 Qxg7 30. Qe3 Nf6 31. h3 Kh7 32. a5 Qd7 1/2-1/2

[Event "FRA-chT2 0304"]
[Site "France"]
[Date "2004.03.14"]
[Round "9"]
[White "Burgy, Didier"]
[Black "Hoffmann, Regis"]
[Result "1/2-1/2"]
[WhiteElo "2145"]
[BlackElo "2176"]
[PlyCount "29"]
[EventDate "2003.10.??"]
[EventType "team"]
[EventRounds "11"]
[EventCountry "FRA"]
[SourceTitle "EXT 2005"]
[Source "ChessBase"]
[SourceDate "2004.11.15"]
[SourceVersion "1"]
[SourceVersionDate "2004.11.15"]
[SourceQuality "1"]

1. c4 e5 2. Nc3 Nc6 3. Nf3 g6 4. d4 exd4 5. Nd5 h6 6. Bf4 d6 7. Nxd4 Nf6 8. Nb5 Nxd5 9. cxd5 Ne5 10. e4 a6 11. Nd4 Bg7 12. Be2 0-0 13. f3 Bd7 14. Be3 h5 15. 0-0 1/2-1/2

[Event "FRA-chT2 0304"]
[Site "France"]
[Date "2004.01.17"]
[Round "5"]
[White "Hoffmann, Regis"]
[Black "Congiu, Mathilde"]
[Result "1/2-1/2"]
[WhiteElo "2176"]
[BlackElo "2084"]
[PlyCount "69"]
[EventDate "2003.10.??"]
[EventType "team"]
[EventRounds "11"]
[EventCountry "FRA"]
[SourceTitle "EXT 2005"]
[Source "ChessBase"]
[SourceDate "2004.11.15"]
[SourceVersion "1"]
[SourceVersionDate "2004.11.15"]
[SourceQuality "1"]

1. d4 Nf6 2. Bg5 e6 3. e4 h6 4. Bxf6 Qxf6 5. Nc3 b6 6. Qd2 Bb7 7. 0-0-0 Bb4 8. f3 0-0 9. Nge2 Rd8 10. e5 Qe7 11. a3 Bxc3 12. Nxc3 d6 13. Bd3 dxe5 14. dxe5 Nd7 15. Qe3 Qc5 16. Qxc5 Nxc5 17. Bc4 a6 18. Rhe1 Kf8 19. b4 Nd7 20. Rd2 Ke7 21. f4 b5 22. Bd3 Nb6 23. g4 Rd4 24. Rf2 Rad8 25. h3 Nc4 26. Bxc4 Rxc4 27. Nd1 g6 28. f5 gxf5 29. gxf5 exf5 30. Ne3 Rc3 31. Nxf5+ Ke6 32. Ng7+ Ke7 33. Nf5+ Ke6 34. Ng7+ Ke7 35. Nf5+ 1/2-1/2

[Event "FRA-chT2 0304"]
[Site "France"]
[Date "2003.10.12"]
[Round "1"]
[White "Hell, Pascal"]
[Black "Hoffmann, Regis"]
[Result "1-0"]
[WhiteElo "2144"]
[BlackElo "2176"]
[PlyCount "43"]
[EventDate "2003.10.??"]
[EventType "team"]
[EventRounds "11"]
[EventCountry "FRA"]
[SourceTitle "EXT 2005"]
[Source "ChessBase"]
[SourceDate "2004.11.15"]
[SourceVersion "1"]
[SourceVersionDate "2004.11.15"]
[SourceQuality "1"]

1. e4 d6 2. d4 Nf6 3. Bd3 e5 4. Ne2 Be7 5. 0-0 0-0 6. h3 c6 7. c3 Nbd7 8. f4 b5 9. Ng3 Re8 10. fxe5 dxe5 11. Nf5 Bf8 12. Qf3 h6 13. g4 Qc7 14. g5 hxg5 15. Bxg5 Re6 16. Nd2 Nb6 17. Rf2 Nh7 18. h4 Nxg5 19. hxg5 g6 20. Ne3 Re7 21. d5 Bd7 22. Qf6 1-0

[Event "FRA-chT2"]
[Site "France"]
[Date "2002.01.??"]
[Round "6"]
[White "Hoffmann, Regis"]
[Black "Libens, Michel"]
[Result "1-0"]
[WhiteElo "2156"]
[BlackElo "2125"]
[PlyCount "101"]
[EventDate "2002.??.??"]
[EventType "team"]
[EventRounds "11"]
[EventCountry "FRA"]
[SourceTitle "EXT 2003"]
[Source "ChessBase"]
[SourceDate "2002.11.25"]
[SourceVersion "1"]
[SourceVersionDate "2002.11.25"]
[SourceQuality "1"]

1. d4 Nf6 2. Bg5 Ne4 3. Bf4 g6 4. f3 Nf6 5. e4 d5 6. Nc3 c6 7. Qd2 b5 8. a3 a6 9. e5 Nh5 10. Bh6 Ng7 11. g4 Bb7 12. Nge2 Nd7 13. Bg2 Nb6 14. b3 Qd7 15. 0-0 f5 16. exf6 exf6 17. Nf4 0-0-0 18. Nce2 Ne6 19. Bxf8 Rdxf8 20. a4 Re8 21. axb5 axb5 22. Nd3 Qc7 23. Ra7 Nd7 24. Nb4 h5 25. h3 g5 26. c4 Nf4 27. Nxf4 Qxf4 28. Qxf4 gxf4 29. cxb5 cxb5 30. Ra5 Re6 31. Rxb5 Rb6 32. Rxb6 Nxb6 33. Nd3 Nd7 34. Nxf4 h4 35. Re1 Kc7 36. Re7 Ra8 37. Rh7 Ra1+ 38. Kh2 Rb1 39. Rxh4 Rxb3 40. Rh7 Kd6 41. h4 Rb4 42. h5 Rxd4 43. Kg3 Ba6 44. h6 Rb4 45. Rh8 Ne5 46. Rd8+ Ke7 47. Nxd5+ Kxd8 48. Nxb4 Bb7 49. f4 Bxg2 50. fxe5 Be4 51. Kf4 1-0

[Event "FRA-chT"]
[Site "France"]
[Date "2001.02.04"]
[Round "3.7"]
[White "Roos, Jean Luc"]
[Black "Hoffmann, Regis"]
[Result "1-0"]
[WhiteElo "2264"]
[BlackElo "2177"]
[PlyCount "51"]
[EventDate "2001.02.02"]
[EventType "team"]
[EventRounds "11"]
[EventCountry "FRA"]
[SourceTitle "EXT 2002"]
[Source "ChessBase"]
[SourceDate "2001.11.25"]
[SourceVersion "1"]
[SourceVersionDate "2001.11.25"]
[SourceQuality "1"]
[WhiteTeam "Strasbourg"]
[BlackTeam "Bischwiller"]
[WhiteTeamCountry "FRA"]
[BlackTeamCountry "FRA"]

1. e4 d6 2. d4 Nf6 3. Nc3 g6 4. Nf3 Bg7 5. Be2 0-0 6. 0-0 c6 7. a4 b6 8. h3 Nbd7 9. Be3 Qc7 10. Qd2 Bb7 11. Bh6 a6 12. Bxg7 Kxg7 13. Qe3 e5 14. dxe5 dxe5 15. Nh4 b5 16. Rad1 Qb6 17. Qg5 Rad8 18. Nf5+ Kh8 19. Rd6 Ne8 20. Nd5 Qc5 21. b4 Nxd6 22. bxc5 Nxe4 23. Qh6 gxf5 24. Ne7 Ndxc5 25. f3 Rfe8 26. fxe4 1-0

[Event "Bischwiller"]
[Site "Bischwiller"]
[Date "1998.??.??"]
[Round "2"]
[White "Hoffmann, Regis"]
[Black "Peter, Sebastien"]
[Result "0-1"]
[WhiteElo "2155"]
[BlackElo "2225"]
[PlyCount "134"]
[EventDate "1998.??.??"]
[EventType "tourn"]
[EventRounds "9"]
[EventCountry "FRA"]
[SourceTitle "EXT 2000"]
[Source "ChessBase"]
[SourceDate "1999.11.16"]
[SourceVersion "1"]
[SourceVersionDate "1999.11.16"]
[SourceQuality "1"]

1. e4 e6 2. d4 d5 3. e5 c5 4. c3 Nc6 5. Nf3 Qb6 6. Bd3 cxd4 7. cxd4 Bd7 8. 0-0 Nxd4 9. Ng5 Nc6 10. Re1 g6 11. Qf3 Nh6 12. Qf6 Rg8 13. Nxh7 Bg7 14. Qh4 Qb4 15. Qxb4 Nxb4 16. Bxh6 Nxd3 17. Re3 Nxe5 18. Bxg7 Rxg7 19. Nf6+ Ke7 20. Nxd5+ exd5 21. Rxe5+ Kd6 22. f4 f6 23. Re1 Bf5 24. Nc3 d4 25. Rad1 Kc5 26. Na4+ Kd5 27. Nc3+ Kc4 28. Ne2 Rd8 29. b3+ Kc5 30. Rc1+ Kb6 31. Ng3 Bg4 32. h3 Bd7 33. Rcd1 Bc6 34. Rd2 Rgd7 35. Red1 a5 36. Ne2 d3 37. Nc3 Rd4 38. g3 g5 39. fxg5 fxg5 40. Re1 Rh8 41. Re3 Rxh3 42. Rdxd3 Rh1+ 43. Kf2 Rh2+ 44. Kg1 Rxd3 45. Rxd3 Rc2 46. a4 Kc5 47. Kf1 Kb4 48. Ne2 Rb2 49. Nd4 Bd5 50. Nc2+ Rxc2 51. Rxd5 Rc5 52. Rd7 Kxb3 53. Rxb7+ Kxa4 54. Kf2 Rb5 55. Re7 g4 56. Re4+ Rb4 57. Re5 Rc4 58. Ke2 Kb4 59. Re8 a4 60. Kd2 Kb3 61. Re3+ Kb2 62. Kd1 a3 63. Re2+ Kb1 64. Re3 Rc1+ 65. Kd2 Rc2+ 66. Kd1 a2 67. Ra3 Rb2 0-1

[Event "Baden-Elsass m"]
[Site "Rheinstetten"]
[Date "1997.09.07"]
[Round "?"]
[White "Kiefhaber, Veronika"]
[Black "Hoffmann, Regis"]
[Result "1/2-1/2"]
[WhiteElo "2180"]
[BlackElo "2145"]
[PlyCount "81"]
[EventDate "1997.??.??"]
[EventType "team"]
[EventRounds "1"]
[EventCountry "GER"]
[SourceTitle "EXT 2002"]
[Source "ChessBase"]
[SourceDate "2001.11.25"]
[SourceVersion "1"]
[SourceVersionDate "2001.11.25"]
[SourceQuality "1"]

1. e4 g6 2. d4 Bg7 3. Nc3 d6 4. Nf3 Nf6 5. h3 0-0 6. Be3 c6 7. a4 b6 8. Be2 Nbd7 9. 0-0 Qc7 10. Re1 Bb7 11. Qd2 e5 12. dxe5 dxe5 13. Rad1 Rfe8 14. Bc4 a6 15. Ng5 Re7 16. Qd6 Qxd6 17. Rxd6 b5 18. Bb3 Rf8 19. axb5 cxb5 20. Red1 h6 21. Nf3 Rc8 22. Nd5 Nxd5 23. Bxd5 Bxd5 24. R1xd5 Nf6 25. Rd8+ Re8 26. Rxe8+ Rxe8 27. Rd6 Nxe4 28. Rxa6 b4 29. Rb6 Bf8 30. Rb5 Rd8 31. Nxe5 Rd1+ 32. Kh2 Nd2 33. Bxd2 Rxd2 34. Nd3 Rxc2 35. Kg3 Kg7 36. Kf3 Rc4 37. Rb7 Bd6 38. Ke3 g5 39. g3 h5 40. Rd7 Bc7 41. Rd5 1/2-1/2